00383nam a2200145Ia 4500003000400000005001700004008004100021040001800062041000800080100004600088110002500134245003000159260002000189710002800209OSt20260307090109.0211028s2010 xx 000 0 und d cAIMIT LIBRARY aeng aKumar A, Ashith; D' Souza, Sharon.g71713 aManibushan D' Souza. aLodge management system / aMangalorec2010 aHCL Infosystems Limited